Countries Containing United - Statistics

General Stats
  • This quiz has been taken 102 times
    39 since last reset
  • The average score is 3 of 5
Answer Stats
Answer % Correct
United Kingdom of Great Britain and Northern Ireland
97%
United States of America
92%
United Arab Emirates
81%
United Mexican States
14%
United Republic of Tanzania
5%
No matching quizzes found
Score Distribution
Percent of People with Each Score
Percentile by Number Answered
Your Score History
You have not taken this quiz since the last reset